| 000 | 01119nam a22003135a 4500 | ||
|---|---|---|---|
| 006 | a||||fr|||| 00| 0 | ||
| 008 | 150813t2007 maua|||frb||| 001 0 eng d | ||
| 010 | _a 2006922628 | ||
| 020 | _a978007106887 (alk. paper) | ||
| 020 | _a007110688X (alk. paper) | ||
| 040 |
_aEG-ScBUE _beng _cEG-ScBUE |
||
| 082 | 0 | 4 |
_a658.87 _bLEV _222 |
| 100 | 1 | _aLevy, Michael. | |
| 245 | 1 | 0 |
_aRetailing management / _cMichael Levy, Barton A. Weitz. |
| 250 | _a6th ed. | ||
| 260 |
_aBoston : _bMcGraw-Hill/Irwin, _c2007. |
||
| 300 |
_axxix, 658 p. : _bill. ; _c29 cm. |
||
| 500 | _aIndexes. | ||
| 500 | _aGlossary :p.594-617 . | ||
| 504 | _aIncludes bibliographical references (p. 618-636) and indexes. | ||
| 590 | _aMenna Elemam | ||
| 650 | 0 |
_aRetail trade-- _xManagement. _2BUEsh |
|
| 651 | _2BUEsh | ||
| 653 |
_bBUSADM _cAugust2015 |
||
| 700 | 1 | _aWeitz, Barton A. | |
| 856 | 4 | 1 |
_3Table of contents only _uhttp://www.loc.gov/catdir/enhancements/fy0632/2006922628-t.html |
| 856 | 4 | 1 |
_3Publisher description _uhttp://www.loc.gov/catdir/enhancements/fy0634/2006922628-d.html |
| 942 |
_cBB _k658.87 LEV _2ddc |
||
| 999 |
_c6877 _d2468 |
||